00473 2200193 4500001002100000005001500021008004100036020001800077035001900095041000700114082000800121090001400129100002300143245001400166250001000180260004800190300002500238650001600263INLIS00000000000062320241224112213241224||||||||| | ||| |||| || |  a979-3465-81-6 0010-1224000623 aid0 a301 a301 NAR s0 aJ. Dwi Narwoko dkk00aSosiologi aEd. 2 aJakartabKencana Prenada Media Group.c2007 axvi, 392 hlm.; 23 cm 0aIlmu Sosial